Estatutos y reglamento / Federación Femenina contra la tuberculosis
Descripción Física:
15 p. ; 21 cm
MARC
| LEADER | 00000nam a2200000Ia 4500 | ||
|---|---|---|---|
| 001 | 22954 | ||
| 003 | BGR | ||
| 005 | 20260324180150.0 | ||
| 008 | 160829s1911 xx 000 0 cat d | ||
| 080 | |a 2390, exp. 69 | ||
| 110 | 2 | |a Federación Femenina contra la tuberculosis |9 70948 | |
| 245 | |a Estatutos y reglamento / Federación Femenina contra la tuberculosis | ||
| 260 | |a Barcelona : |b Establecimiento tipográfico de R. Pujol, |c 1911 | ||
| 300 | |a 15 p. ; |c 21 cm | ||
| 650 | |a Federación Femenina contra la tuberculosis |x Reglaments i procediment |9 48316 | ||
| 901 | |a Arxiu | ||
| 942 | |n 1 |2 udc |c MON | ||
| 952 | |0 0 |1 0 |4 0 |6 2390_EXP_69 |7 1 |9 54464 |a Arxiu |b Arxiu |d 2016-12-01 |l 0 |o 2390, exp. 69 |p 22954 |r 2016-12-01 00:00:00 |w 2016-12-01 |y ARXIU | ||
| 999 | |c 58333 |d 58333 | ||